|
|
|
|
| LEADER |
00000cam a2200000 a 4500 |
| 001 |
vtls010336140 |
| 003 |
SK-MaSNL |
| 005 |
20260301173455.0 |
| 008 |
251120s2012 xo j f000 0 slo |
| 013 |
|
|
|a 287860
|b SK
|c patent
|d 20120104
|e dátum nadobudnutia účinkov patentu (Vestník ÚPV SR č.: 1/2012)
|d 20120102
|e dátum sprístupnenia patentu
|
| 013 |
|
|
|a 858-2003
|e číslo prihlášky
|d 20020111
|e dátum podania prihlášky
|d 20040803
|e dátum zverejnenia prihlášky (Vestník ÚPV SR č.: 8/2004)
|
| 013 |
|
|
|a 60/261 339
|e číslo prioritnej prihlášky
|d 20020110
|e dátum podania prioritnej prihlášky
|b US
|e kód krajiny prioritnej prihlášky
|
| 013 |
|
|
|a 60/323 764
|e číslo prioritnej prihlášky
|d 20010919
|e dátum podania prioritnej prihlášky
|b US
|e kód krajiny prioritnej prihlášky
|
| 013 |
|
|
|a 10/046 681
|e číslo prioritnej prihlášky
|d 20020110
|e dátum podania prioritnej prihlášky
|b US
|e kód krajiny prioritnej prihlášky
|
| 015 |
|
|
|a SNBN2013
|
| 040 |
|
|
|a SNK
|b slo
|c SNK
|e AACR2
|
| 041 |
0 |
|
|a slo
|
| 044 |
|
|
|a xo
|c SK
|
| 072 |
|
7 |
|a 615
|x Farmácia. Farmakológia
|2 konspekt
|
| 080 |
|
|
|a 615.2/45
|2 2001
|
| 084 |
|
|
|a C07D 409/00
|2 IPC
|
| 084 |
|
|
|a C07D 213/00
|2 IPC
|
| 084 |
|
|
|a C07D 413/00
|2 IPC
|
| 084 |
|
|
|a C07D 417/00
|2 IPC
|
| 084 |
|
|
|a C07D 405/00
|2 IPC
|
| 245 |
0 |
0 |
|a N-(3,3-Dimetylindolin-6-yl){2-[(4-pyridylmetyl)amino](3- -pyridyl))karboxamid, jeho použitie a farmaceutická kompozícia s jeho obsahom
|c Guoqing Chen ... [et al.] ; patent. zást. Eva Bušová
|
| 260 |
|
|
|a [Banská Bystrica]
|b Úrad priemyselného vlastníctva SR
|c [2012]
|
| 300 |
|
|
|a 18 s.
|c 30 cm
|
| 650 |
0 |
7 |
|a farmaceutické výrobky
|2 SNKPH
|9 51177
|
| 650 |
0 |
7 |
|a Pharmaceuticals
|2 SNKPHeng
|9 305696
|
| 655 |
|
7 |
|a patenty
|2 SNKPH
|9 177343
|
| 655 |
|
7 |
|a patent licenses
|2 SNKPHeng
|9 303430
|
| 700 |
1 |
|
|a Adams, Jeffrey
|4 org
|9 544406
|
| 700 |
1 |
|
|a Bemis, Jean
|4 org
|9 544407
|
| 700 |
1 |
|
|a Bušová, Eva
|4 oth
|9 297878
|
| 700 |
1 |
|
|a Booker, Shon
|4 org
|9 544408
|
| 700 |
1 |
|
|a Cai, Guolin
|4 org
|9 544409
|
| 700 |
1 |
|
|a Croghan, Michael
|4 org
|9 544410
|
| 700 |
1 |
|
|a Dipietro, Lucian
|4 org
|9 544411
|
| 700 |
1 |
|
|a Dominguez, Celia
|4 org
|9 544412
|
| 700 |
1 |
|
|a Elbaum, Daniel
|4 org
|9 544413
|
| 700 |
1 |
|
|a Germain, Julie
|4 org
|9 544414
|
| 700 |
1 |
|
|a Geuns-Meyer, Stephanie
|4 org
|9 544415
|
| 700 |
1 |
|
|a Handley, Michael
|4 org
|9 544416
|
| 700 |
1 |
|
|a Huang, Qi
|4 org
|9 544417
|
| 700 |
1 |
|
|a Kim, Joseph L.
|4 org
|9 544418
|
| 700 |
1 |
|
|a Kim, Tae-Seong
|4 org
|9 544419
|
| 700 |
1 |
|
|a Kiselyov, Alexander
|4 org
|9 544420
|
| 700 |
1 |
|
|a Ouyang, Xiaohu
|4 org
|9 544421
|
| 700 |
1 |
|
|a Patel, Vinod F.
|4 org
|9 544422
|
| 700 |
1 |
|
|a Smith, Leon M.
|4 org
|9 544423
|
| 700 |
1 |
|
|a Stec, Markian
|4 org
|9 544424
|
| 700 |
1 |
|
|a Tasker, Andrew
|4 org
|9 544425
|
| 700 |
1 |
|
|a Xi, Ning
|4 org
|9 544426
|
| 700 |
1 |
|
|a Xu, Shimin
|4 org
|9 544427
|
| 700 |
1 |
|
|a Yuan, Chester Chenguang
|4 org
|9 544428
|
| 700 |
1 |
|
|a Chen, Guoqing
|4 org
|9 544429
|
| 710 |
2 |
|
|a Amgen, Inc. (Thousand Oak, Spojené štáty americké)
|4 pth
|9 409611
|
| 852 |
|
|
|a Štátna vedecká knižnica v Banskej Bystrici
|
| 999 |
|
|
|c 836742
|d 838672
|
| 952 |
|
|
|a SNK
|b SNK
|y PREZ
|7 0
|p 17A1067634
|o snkSK 287860
|i snk2013/8684
|8 0
|0 0
|1 0
|4 0
|d 2013-04-17
|l 0
|r 2026-02-24 03:57:16
|w 2026-02-24
|